000
00286nam a22001217a 4500
008
181020b xxu||||| |||| 00| 0 eng d
041
_a
eng
080
_a
610
100
_a
4
101
_a
SHM
245
_a
Confronting Mitral Valve Prolapse Syndrome
_c
Frederickson, L
942
_2
udc
_c
BK
999
_c
50318
_d
50318